[Event "Paris Oscaro blitz"]
[Site "Paris"]
[Date "2017.09.16"]
[Round "5"]
[White "Thomas, Ludovic"]
[Black "Fridman, Daniel"]
[Result "0-1"]
[WhiteElo "2193"]
[BlackElo "2625"]
[PlyCount "64"]
[EventDate "2017.09.16"]
[EventType "swiss (blitz)"]
[EventRounds "9"]
[EventCountry "FRA"]
[SourceTitle "CBM 180 Extra"]
[Source "ChessBase"]
[SourceDate "2017.10.06"]
[SourceVersion "1"]
[SourceVersionDate "2017.10.06"]
[SourceQuality "1"]

1. e4 c6 2. d4 d5 3. exd5 cxd5 4. Nf3 Nf6 5. Bd3 Nc6 6. c3 Bg4 7. 0-0 Qc7 8. Nbd2 e6 9. Re1 Bd6 10. Nf1 0-0 11. Ng3 Rfe8 12. h3 Bxf3 13. Qxf3 e5 14. Bb5 exd4 15. Bg5 Bxg3 16. fxg3 Ne4 17. Bf4 Qb6 18. Bd3 dxc3+ 19. Kh2 cxb2 20. Rab1 Qd4 21. Rf1 f5 22. Bc2 Rad8 23. Bb3 g6 24. Rfd1 Qc5 25. Qd3 Nb4 26. Qd4 Qxd4 27. Rxd4 a5 28. a3 Nc5 29. Bxd5+ Rxd5 30. Rxd5 Nxd5 31. Rxb2 Nxf4 32. gxf4 Re6 0-1

[Event "Le Port Marly Paribas blitz op"]
[Site "Le Port Marly"]
[Date "2014.??.??"]
[Round "2"]
[White "Daurelle, Herve"]
[Black "Thomas, Ludovic"]
[Result "0-1"]
[WhiteElo "2199"]
[BlackElo "2187"]
[PlyCount "69"]
[EventDate "2014.06.14"]
[EventType "swiss (blitz)"]
[EventRounds "15"]
[EventCountry "FRA"]
[SourceTitle "EXT 2015"]
[Source "ChessBase"]
[SourceDate "2014.11.20"]
[SourceVersion "1"]
[SourceVersionDate "2014.11.20"]
[SourceQuality "1"]

1. e4 c6 2. c4 d5 3. exd5 cxd5 4. cxd5 Nf6 5. Nc3 Nxd5 6. Nf3 Nc6 7. d4 e6 8. Bd3 Be7 9. 0-0 0-0 10. Re1 Re8 11. a3 Nxc3 12. bxc3 Bf6 13. h4 Bd7 14. Ng5 g6 15. Ne4 Bxh4 16. Nd6 Rf8 17. Bh6 Rb8 18. Bxf8 Qxf8 19. Ne4 Qd8 20. Qf3 Be8 21. g3 Be7 22. Kh2 Bf8 23. Rh1 Bg7 24. Kg1 Rc8 25. Rc1 b6 26. Kg2 Na5 27. Qg4 h5 28. Qh3 e5 29. g4 Bd7 30. f3 exd4 31. Qh2 Bc6 32. gxh5 Bxe4 33. hxg6 Qg5+ 34. Kf1 Qg2+ 35. Kxg2 0-1

[Event "Le Port Marly Paribas blitz op"]
[Site "Le Port Marly"]
[Date "2014.??.??"]
[Round "5"]
[White "Thomas, Ludovic"]
[Black "Partac, Elena"]
[Result "0-1"]
[WhiteElo "2187"]
[BlackElo "2079"]
[PlyCount "51"]
[EventDate "2014.06.14"]
[EventType "swiss (blitz)"]
[EventRounds "15"]
[EventCountry "FRA"]
[SourceTitle "EXT 2015"]
[Source "ChessBase"]
[SourceDate "2014.11.20"]
[SourceVersion "1"]
[SourceVersionDate "2014.11.20"]
[SourceQuality "1"]

1. e4 c5 2. Nf3 Nc6 3. Bb5 g6 4. 0-0 Bg7 5. Re1 Nf6 6. c3 0-0 7. e5 Nd5 8. d4 cxd4 9. cxd4 d6 10. exd6 Qxd6 11. h3 Nc7 12. Bxc6 bxc6 13. Nc3 Bf5 14. Bg5 Ne6 15. Bh4 Rfe8 16. Bg3 Qb4 17. Be5 Qxb2 18. Na4 Qb5 19. Bxg7 Kxg7 20. Nc3 Qc4 21. Rc1 Rad8 22. Ne5 Qxd4 23. Qf3 Qf4 24. Qxc6 Nd4 25. Qa6 Rc8 26. Qa5 0-1

[Event "Lille Luce op 2nd"]
[Site "Lille"]
[Date "2011.04.25"]
[Round "1"]
[White "Degraeve, Jean Marc"]
[Black "Thomas, Ludovic"]
[Result "1-0"]
[WhiteElo "2573"]
[BlackElo "2106"]
[PlyCount "93"]
[EventDate "2011.04.25"]
[EventType "swiss"]
[EventRounds "9"]
[EventCountry "FRA"]
[SourceTitle "CBM 142 Extra"]
[Source "ChessBase"]
[SourceDate "2011.06.27"]
[SourceVersion "1"]
[SourceVersionDate "2011.06.27"]
[SourceQuality "1"]

1. e4 d5 2. exd5 Qxd5 3. Nc3 Qa5 4. d4 Nf6 5. Nf3 c6 6. Ne5 Bf5 7. Nc4 Qd8 8. Be2 e6 9. a4 Bb4 10. 0-0 0-0 11. a5 Bg6 12. Bg5 Na6 13. Ne5 Rc8 14. Bxa6 bxa6 15. Na4 Bd6 16. Qe2 Qc7 17. h3 c5 18. Nxg6 hxg6 19. Bxf6 gxf6 20. dxc5 Bxc5 21. Nxc5 Qxc5 22. Qxa6 Rb8 23. b3 Rfd8 24. Ra4 Qxc2 25. Qxa7 Qxb3 26. Raa1 Ra8 27. Qe7 Kg7 28. Rfb1 Qc3 29. a6 Re8 30. Qa3 Qxa3 31. Rxa3 Ra7 32. Rb7 Rxb7 33. axb7 Rb8 34. Rb3 f5 35. f4 Kf6 36. Kf2 Ke7 37. Ke3 Kd6 38. Kd4 f6 39. Rb6+ Kd7 40. Kc5 g5 41. fxg5 fxg5 42. Kb5 e5 43. Ka6 e4 44. Ka7 Kc7 45. Rb2 Rxb7+ 46. Rxb7+ Kd6 47. Rb4 1-0

[Event "FRA-chT1 0910"]
[Site "France"]
[Date "2009.12.12"]
[Round "6.6"]
[White "Thomas, Ludovic"]
[Black "Tournier, Mathieu"]
[Result "0-1"]
[WhiteElo "2164"]
[BlackElo "2267"]
[PlyCount "64"]
[EventDate "2009.09.27"]
[EventType "team-tourn"]
[EventRounds "11"]
[EventCountry "FRA"]
[SourceTitle "EXT 2011"]
[Source "ChessBase"]
[SourceDate "2010.11.26"]
[SourceVersion "1"]
[SourceVersionDate "2010.11.26"]
[SourceQuality "1"]

1. e4 e5 2. Nf3 Nc6 3. Bc4 Nf6 4. d3 Bc5 5. c3 0-0 6. Bg5 h6 7. Bh4 d6 8. a4 a6 9. b4 Bb6 10. h3 a5 11. b5 Nb8 12. Nbd2 c6 13. Qb3 g5 14. Bg3 d5 15. Nxe5 dxc4 16. Ndxc4 Bc7 17. f4 Nh5 18. Bh2 Nxf4 19. Bxf4 gxf4 20. 0-0-0 Be6 21. Qb2 cxb5 22. Qxb5 Nc6 23. Ng4 Kg7 24. d4 Na7 25. Qb3 b5 26. axb5 Rb8 27. d5 Bxg4 28. hxg4 Rxb5 29. Qa2 Qf6 30. Qc2 Rc5 31. Qd3 Nb5 32. Kc2 Rxc4 0-1

[Event "FRA-chT1 0910"]
[Site "France"]
[Date "2009.11.21"]
[Round "4.7"]
[White "Thomas, Ludovic"]
[Black "Picard, Clement"]
[Result "1-0"]
[WhiteElo "2164"]
[BlackElo "2183"]
[PlyCount "50"]
[EventDate "2009.09.27"]
[EventType "team-tourn"]
[EventRounds "11"]
[EventCountry "FRA"]
[SourceTitle "EXT 2011"]
[Source "ChessBase"]
[SourceDate "2010.11.26"]
[SourceVersion "1"]
[SourceVersionDate "2010.11.26"]
[SourceQuality "1"]

1. e4 e6 2. d4 d5 3. Nd2 Be7 4. Bd3 c5 5. dxc5 Nf6 6. Qe2 0-0 7. Ngf3 a5 8. c3 Na6 9. e5 Nd7 10. h4 f5 11. exf6 Nxf6 12. Ne5 Nxc5 13. Bc2 Bd6 14. Ndf3 Qc7 15. Be3 b6 16. Bd4 Ba6 17. Qe3 Nfe4 18. h5 Rf5 19. h6 g5 20. 0-0-0 Raf8 21. Kb1 g4 22. Rh4 Rf4 23. g3 Bxe5 24. Bxe5 Rxf3 25. Rxg4+ Kf7 1-0

[Event "Cullera op 26th"]
[Site "Cullera"]
[Date "2005.07.30"]
[Round "9.14"]
[White "Thomas, Ludovic"]
[Black "Fenollar Jorda, Manuel"]
[Result "0-1"]
[WhiteElo "2120"]
[BlackElo "2273"]
[PlyCount "56"]
[EventDate "2005.07.21"]
[EventType "swiss"]
[EventRounds "9"]
[EventCountry "ESP"]
[SourceTitle "CBM 107 Extra"]
[Source "ChessBase"]
[SourceDate "2005.09.01"]
[SourceVersion "1"]
[SourceVersionDate "2005.09.01"]
[SourceQuality "1"]

1. e4 c5 2. Nf3 Nc6 3. d4 cxd4 4. Nxd4 e5 5. Nb5 a6 6. N5c3 h6 7. Nd5 Nf6 8. Nxf6+ Qxf6 9. Be3 Qg6 10. Nd2 d5 11. exd5 Nb4 12. Bd3 Nxd3+ 13. cxd3 Qxd3 14. Nf3 Bb4+ 15. Bd2 Qe4+ 16. Kf1 0-0 17. Qb3 Bxd2 18. Nxd2 Qf4 19. Qe3 Rd8 20. Qxf4 exf4 21. Nc4 b5 22. Ne5 Rxd5 23. Nc6 Rd2 24. Rc1 Be6 25. b3 Rxa2 26. Nd4 Rd8 27. Nxe6 fxe6 28. f3 Rdd2 0-1